| 000 | 00440cam a22001097a 4500 | ||
|---|---|---|---|
| 008 | 180718b1955 xxu||||| |||| 00| 0 eng d | ||
| 082 | _aK85mx42 Un3 | ||
| 245 |
_aLocal government superannuation : principal stautes and regulations _cby Ministry of Housing and Local Government, United Kingdom |
||
| 260 |
_aLondon _bHer Majesty's Stationery Office _c1955 |
||
| 300 | _a150+p. | ||
| 700 | _aUnited Kingdom. Ministry of Housing and Local Government | ||
| 999 |
_c429126 _d429126 |
||